00779nam a2200181 a 450000100100000000500170001000800410002704000250006808200150009310000230010824501010013126000370023230000200026950400270028959000780031695201860039499900170058000003497220200930074024.0111024s1980 cu 000 0 spa d aDO-SdBNPbspacBNPHU axxxxbxxxx1 aBrie, Sonja96056710aSobre los nexos existentes entre los medios de difusión masiva y los receptores /cSonja Brie. aStgo de Cuba, :bOriente,c1980. a75 p. ;c18 cm. aBibliografía : p. 75 aPerteneció a la biblioteca personal de Juan Isidro Jiménez Grullón. 001050718MOaGRbGRcHDd2011-10-24iLF1l0oxxxx xxxxp34972-10r2020-06-25w2020-06-25y1zPerteneció a la biblioteca personal de Juan Isidro Jimenes Grullón.ZNo se presta c34463d34463